Football: Les meilleurs buteurs de ces équipes françaises. #6 - Statistiques

Statistiques générales
  • Ce quiz a été pris 198 fois
    197 depuis la dernière actualisation
  • Le résultat moyen est 16 sur 30
Statistiques - réponses
Equipes Pays Joueurs % Correct
Uruguay Edinson Cavani
99%
Paris Saint-Germain France Kylian Mbappé
99%
Suède Zlatan Ibrahimovic
98%
Brésil Neymar Junior
96%
Olympique Lyonnais France Alexandre Lacazette
87%
Portugal Pedro Miguel Pauleta
85%
Girondins de Bordeaux Portugal Pedro Miguel Pauleta
85%
LOSC Lille Canada Jonathan David
82%
Brésil Juninho Pernambucano
77%
Colombie Radamel Falcao
77%
Belgique Eden Hazard
76%
France Dimitri Payet
74%
France Florian Thauvin
65%
Argentine Lisandro Lopez
64%
Olympique de Marseille Sénégal Mamadou Niang
61%
Ghana André Ayew
60%
France André-Pierre Gignac
60%
AS Monaco France Wissam Benyedder
53%
Brésil Sonny Anderson
43%
Maroc Marouane Chamakh
34%
France Valère Germain
30%
France Bafétimbi Gomis
29%
France Ludovic Giuly
23%
Mali Cheick Diabaté
17%
RDC Shabani Nonda
16%
France Christophe Dugarry
10%
France Lilian Laslandes
8%
Congo Matt Moussilou
2%
France Djezon Boutoille
0%
France Laurent Peyrelade
0%
Aucun quiz correspondant
Distribution des résultats
% des personnes avec chaque résultat
Percentile par nombre de réponses
Votre historique - résultats
Vous n’avez pas pris ce quiz depuis la dernière actualisation